Parks in Madison - Statistics

General Stats
  • This quiz has been taken 4 times
  • The average score is 6 of 18
Answer Stats
Answer % Correct
Dodge
67%
James
67%
Memorial
67%
Niles
67%
Summerhill
67%
Cole
33%
Kinney
33%
Livesey
33%
Lucy D. Anthony
33%
Madison
33%
Sonny Vitale
33%
Zuck
33%
Bayley-Ellard
0%
Belleau Woods
0%
Delbarton
0%
Gibbons Pines
0%
Hepburn
0%
Ridgedale
0%
No matching quizzes found
Score Distribution
Percent of People with Each Score
Percentile by Number Answered
Your Score History
You have not taken this quiz